The process of capitalist production /
שמור ב:
| מחבר ראשי: | |
|---|---|
| פורמט: | לא ידוע |
| שפה: | English |
| יצא לאור: |
New York:
International Publishers,
1967
|
| נושאים: | |
| תגים: |
הוספת תג
אין תגיות, היה/י הראשונ/ה לתייג את הרשומה!
|
MARC
| LEADER | 000000000a22000000004500 | ||
|---|---|---|---|
| 001 | 000635 | ||
| 008 | 140822s1967 -us | |||| 001 0 eng d | ||
| 041 | 0 | |a inglés | |
| 082 | |a 330.1 |b M392e | ||
| 100 | 1 | |a Marx, Karl | |
| 245 | 1 | 4 | |a The process of capitalist production / |c by Karl Marx : edited by Frederick Engels |
| 260 | |a New York: |b International Publishers, |c 1967 | ||
| 300 | |a volúmenes | ||
| 500 | |a Número de inscripción 11010 (volumen 1) | ||
| 650 | 4 | |a MARX, KARL, 1818-1883. El CAPITAL | |
| 773 | 0 | |t Capital: a critique of political economy | |
| 773 | 0 | |g volumenes | |
| 773 | 0 | |g 1967- | |
| 942 | |2 ddc |c BK | ||
| 999 | |c 937 |d 937 | ||
